Las reformas educativas en la década de 1990: un estudio comparado de Argentina, Chile y Uruguay

Saved in:
Bibliografiske detaljer
Main Authors: Carnoy, Martín (Author), Cosse, Gustavo (Author), Cox, Cristián (Author), Martínez Larrechea, Enrique (Author)
Format: Bog
Sprog:spansk
Udgivet: Buenos Aires BID 2004
Buenos Aires Ministerio de Educación, Ciencia y Tecnología 2004
Udgivelse:1a. ed
Fag:
Tags: Tilføj Tag
Ingen Tags, Vær først til at tagge denne postø!

MARC

LEADER 00000nam a2200000 a 4500
001 UCK3142
003 CL-VaPUC
008 050415e20040000ag |||||||||||||||||spa|d
020 |a 9500004887 
082 0 4 |a 370.9  |b CAR  |2 21 
100 |a Carnoy, Martín  |e author  |9 491118 
700 0 |a Cosse, Gustavo  |e author  |9 491119 
700 0 |a Cox, Cristián  |e author  |9 491120 
700 0 |a Martínez Larrechea, Enrique  |e author  |9 491121 
245 1 4 |a Las reformas educativas en la década de 1990: un estudio comparado de Argentina, Chile y Uruguay 
250 |a 1a. ed 
300 |a 537 p 
942 |c BK 
945 |d 20050415 00:00:00  |a cmena 
260 |a Buenos Aires  |b BID  |c 2004 
260 |a Buenos Aires  |b Ministerio de Educación, Ciencia y Tecnología  |c 2004 
500 |a Proyecto: Alcance y resultados de las reformas educativas en Argentina, Chile y Uruguay, ATN-SF-6250-RG 
650 0 |a Reforma educacional   |9 256319 
650 7 |a EDUCACION COMPARADA  |2 CL-VaPUC  |9 307694 
650 0 |a Estado y educación   |9 311264 
650 0 |a Política gubernamental  |9 262286 
651 0 |a Argentina  |9 254888 
651 7 |a CHILE  |2 CL-VaPUC  |9 491122 
651 0 |a Uruguay  |9 255194 
583 |a last modification  |c 20171005 11:41:20  |k Rodrigo Vera 
999 |c 312409  |d 312407 
952 |0 0  |1 0  |4 0  |6 370_900000000000000_CAR_2004_2004  |7 0  |8 A  |9 382751  |a BIBEDU  |b BIBEDU  |d 2019-11-21  |i 4110285  |o 370.9 CAR 2004 2004  |p 4110285  |r 2019-11-21  |w 2019-11-21  |y BK  |k EDU